000
00476nam a2200157Ia 4500
008
100122s9999 xx 000 0 und d
082
_b
50418
_a
BM823.08
100
_a
चिपळूणकर गो वि
245
_a
गुणसंपदा
250
_a
0
260
_b
पुणे विद्यार्थी गृह प्रकाशन
_c
1992
300
_a
96
630
_a
गुणसंपदा
730
_a
गुणसंपदा
942
_c
BOOK
999
_c
428146
_d
428143